| 000 | 00682cab a2200193 4500 | ||
|---|---|---|---|
| 001 | L135891 | ||
| 008 | 061215n2006 000 0 eng u | ||
| 035 | _a(Sirsi) u135891 | ||
| 041 | 0 | _aeng | |
| 100 | 1 | _aPhillips, Mark | |
| 245 | 0 | 0 |
_aRegional _bMidtown |
| 260 | _c2006 | ||
| 490 | 0 |
_aProperty Week _v71(49) 08 December 2006, 101-113(7) |
|
| 520 | _aDiscusses the development of the Rolls building, the physical expansion of London universities, the rising rents for central London office space and the plan for the development of St Pancras station. | ||
| 590 | _aKA | ||
| 651 | 4 | _aLONDON | |
| 690 | _aPROPERTY-COMMERCIAL PROPERTY-COMMERCIAL PROPERTY MARKET | ||
| 942 | _n0 | ||
| 999 |
_c78063 _d78063 |
||